Design of equilibrium stage processes (Record no. 13251)

000 -LEADER
fixed length control field 00589nam a22002171 4500
001 - CONTROL NUMBER
control field 13251
003 - CONTROL NUMBER IDENTIFIER
control field BD-DhUET
008 - FIXED-LENGTH DATA ELEMENTS--GENERAL INFORMATION
fixed length control field 740517s1963 nyua b 000 0 eng
020 ## - INTERNATIONAL STANDARD BOOK NUMBER
International Standard Book Number 070586373
040 ## - CATALOGING SOURCE
Original cataloging agency DLC
Transcribing agency OAkU
Modifying agency BD-DhUET
082 ## - DEWEY DECIMAL CLASSIFICATION NUMBER
Classification number 660.28422
Item number SMI/1963
100 1# - MAIN ENTRY--PERSONAL NAME
Personal name Smith, Buford D.
245 10 - TITLE STATEMENT
Title Design of equilibrium stage processes
250 ## - EDITION STATEMENT
Edition statement 1st ed.
260 ## - PUBLICATION, DISTRIBUTION, ETC. (IMPRINT)
Place of publication, distribution, etc. New York
Name of publisher, distributor, etc. McGraw-Hill
Date of publication, distribution, etc. 1963
300 ## - PHYSICAL DESCRIPTION
Extent 647 p.
Other physical details ill.
Dimensions 24 cm.
490 ## - SERIES STATEMENT
Series statement McGraw-Hill chemical engineering series
504 ## - BIBLIOGRAPHY, ETC. NOTE
Bibliography, etc Includes bibliographies
650 #0 - SUBJECT ADDED ENTRY--TOPICAL TERM
Topical term or geographic name as entry element Chemical equilibrium
942 ## - ADDED ENTRY ELEMENTS (KOHA)
Koha item type General Book
Holdings
Koha item type Date acquired Sublocation or collection (holding branch) Lost status Koha normalized classification for sorting Damaged status Price effective from Location (home branch) Piece designation (barcode) Withdrawn status Shelving location Koha full call number Copy number Koha date last seen Not for loan Source of classification or shelving scheme
General Book2015-03-02Central Library, BUET 660_284220000000000_SMI_1963 2015-03-02Central Library, BUET34954 Circulation section660.28422/SMI/196312015-03-02  
General Book2015-03-03Central Library, BUET 660_284220000000000_SMI_1963 2015-03-03Central Library, BUET29845 Circulation section660.28422/SMI/196322015-03-03  
General Book2015-03-03Central Library, BUET 660_284220000000000_SMI_1963 2015-03-03Central Library, BUET29841 Circulation section660.28422/SMI/196332015-03-03  
General Book2015-03-03Central Library, BUET 660_284220000000000_SMI_1963 2015-03-03Central Library, BUET29847 Circulation section660.28422/SMI/196342015-03-03  
General Book2015-03-03Central Library, BUET 660_284220000000000_SMI_1963 2015-03-03Central Library, BUET29853 Circulation section660.28422/SMI/196352015-03-03  
General Book2015-03-03Central Library, BUET 660_284220000000000_SMI_1963 2015-03-03Central Library, BUET29843 Circulation section660.28422/SMI/196362015-03-03  
General Book2015-03-03Central Library, BUET 660_284220000000000_SMI_1963 2015-03-03Central Library, BUET29844 Circulation section660.28422/SMI/196372015-03-03  
General Book2015-03-03Central Library, BUET 660_284220000000000_SMI_1963 2015-03-03Central Library, BUET29840 Circulation section660.28422/SMI/196382015-03-03  
General Book2015-03-03Central Library, BUET 660_284220000000000_SMI_1963 2015-03-03Central Library, BUET34955 Circulation section660.28422/SMI/196392015-03-03  
General Book2015-05-11Central Library, BUET 660_284220000000000_SMI_1963 2015-05-11Central Library, BUET11477 Circulation section660.28422/SMI/1963102015-05-11  
General Book2015-05-11Central Library, BUET 660_284220000000000_SMI_1963 2015-05-11Central Library, BUET29846 Circulation section660.28422/SMI/1963112015-05-11  
General Book2015-05-11Central Library, BUET 660_284220000000000_SMI_1963 2015-05-11Central Library, BUET34953 Circulation section660.28422/SMI/1963122015-05-11  
General Book2015-05-11Central Library, BUET 660_284220000000000_SMI_1963 2015-05-11Central Library, BUET18836 Circulation section660.28422/SMI/1963132015-05-11  
General Book2015-05-11Central Library, BUET 660_284220000000000_SMI_1963 2015-05-11Central Library, BUET29854 Circulation section660.28422/SMI/1963142015-05-11  
General Book2015-05-11Central Library, BUET 660_284220000000000_SMI_1963 2015-05-11Central Library, BUET29856 Circulation section660.28422/SMI/1963152015-05-11  
General Book2015-05-19Central Library, BUET 660_284220000000000_SMI_1963 2015-05-19Central Library, BUET29848 Circulation section660.28422/SMI/1963162015-05-19  
Reading Item2015-06-18Central Library, BUET 660_284220000000000_SMI_1963 2015-06-18Central Library, BUET6449 Reading section660.28422/SMI/1963172015-06-18